header

Mathematical time capsules (Record no. 13640)

MARC details
000 -LEADER
fixed length control field 01478nam a2200361Ia 4500
245 00 - TITLE STATEMENT
Title Mathematical time capsules
260 ## - PUBLICATION, DISTRIBUTION, ETC. (IMPRINT)
Place of publication Washington, DC :
Name of publisher Mathematical Association of America,
Year of publication c2011.
300 ## - PHYSICAL DESCRIPTION
Number of Pages xvii, 285 p. :
Other physical details ill.
490 1# - SERIES STATEMENT
Series statement MAA notes ;
650 #0 - SUBJECT ADDED ENTRY--TOPICAL TERM
Topical Term Mathematics
Topical Term Computer science
700 1# - ADDED ENTRY--PERSONAL NAME
Personal name Jardine, Dick.
Personal name Shell-Gellasch, Amy.
856 40 - ELECTRONIC LOCATION AND ACCESS
Uniform Resource Identifier http://site.ebrary.com/lib/rucke/Doc?id=10684327

No items available.

© 2026 Rongo University
Contact us: librarian | system librarian | Rongo university